Nuevos asedios a la psique Latinoamericana
Saved in:
| Main Authors: | , |
|---|---|
| Format: | Bog |
| Sprog: | spansk |
| Udgivet: |
Santiago
Universidad Católica de Chile
2007
|
| Udgivelse: | 1a. ed |
| Serier: | Investigaciones
|
| Fag: | |
| Tags: |
Tilføj Tag
Ingen Tags, Vær først til at tagge denne postø!
|
MARC
| LEADER | 00000nam a2200000 a 4500 | ||
|---|---|---|---|
| 001 | UCI4988 | ||
| 003 | CL-VaPUC | ||
| 008 | 080307e20070000CL |||||||||||||||||spa|d | ||
| 020 | |a 9789561409293 | ||
| 082 | 0 | 4 | |a 150.98 |b GIS |2 21 |
| 100 | |a Gissi Bustos, Jorge |e author |9 527011 | ||
| 700 | 0 | |a Sirlopú, David |e author |9 527012 | |
| 245 | 1 | 0 | |a Nuevos asedios a la psique Latinoamericana |
| 250 | |a 1a. ed | ||
| 300 | |a 217 p | ||
| 942 | |c BK | ||
| 945 | |d 20080307 00:00:00 |a jtorresc | ||
| 260 | |a Santiago |b Universidad Católica de Chile |c 2007 | ||
| 650 | 0 | |a Psicología |9 257863 | |
| 650 | 7 | |a PSICOLOGIA POLITICA |2 CL-VaPUC |9 317476 | |
| 650 | 0 | |a Psicología social |9 222894 | |
| 651 | 0 | |a América Latina |9 255027 | |
| 583 | |a last modification |c 20080307 00:00:00 |k Rodrigo Vera | ||
| 490 | 0 | |a Investigaciones | |
| 999 | |c 328757 |d 328755 | ||
| 952 | |0 0 |1 0 |4 0 |6 150_980000000000000_GIS_2007 |7 0 |8 A |9 412841 |a BIBEDU |b BIBEDU |d 2019-11-22 |i 441215K |o 150.98 GIS 2007 |p 441215K |r 2023-01-12 |w 2019-11-22 |y BK |k MUS | ||
| 952 | |0 0 |1 0 |4 0 |6 150_980000000000000_GIS_2007 |7 0 |8 A |9 412842 |a BIBEDU |b BIBEDU |d 2019-11-22 |i 4476352 |l 1 |m 1 |o 150.98 GIS 2007 |p 4476352 |r 2023-08-22 |s 2023-06-12 |w 2019-11-22 |y BK |k PSI | ||